Maniobras diversivas / (Record no. 181937)
[ view plain ]
| 000 -LEADER | |
|---|---|
| campo de control de longitud fija | 00885nam a2200217 i 4500 |
| 001 - NÚMERO DE CONTROL | |
| campo de control | 181937 |
| 003 - IDENTIFICADOR DE NÚMERO DE CONTROL | |
| campo de control | ES-MaACL |
| 005 - FECHA Y HORA DE LA ÚLTIMA TRANSACCIÓN | |
| campo de control | 20250823063128.0 |
| 008 - DATOS DE LONGITUD FIJA--INFORMACIÓN GENERAL | |
| campo de control de longitud fija | 130508s2008 sp a |||| | spa d |
| 080 ## - NÚMERO DE LA CLASIFICACIÓN DECIMAL UNIVERSAL | |
| Número de la Clasificación Decimal Universal | 821.134.2-14"19" |
| 100 1# - ENTRADA PRINCIPAL--NOMBRE DE PERSONA | |
| Nombre de persona | González Castro, Andreu, |
| Fechas asociadas al nombre | 1974- |
| 9 (RLIN) | 152741 |
| 245 10 - MENCIÓN DEL TÍTULO | |
| Título | Maniobras diversivas / |
| Mención de responsabilidad, etc. | Andrés González Castro ; presentación de Aitor L. Larrabide ; prólogo de Iván Sánchez Moreno. |
| 260 ## - PUBLICACIÓN, DISTRIBUCIÓN, ETC. | |
| Lugar de publicación, distribución, etc. | Orihuela : |
| Nombre del editor, distribuidor, etc. | Fundación Cultural Miguel Hernández, |
| Fecha de publicación, distribución, etc. | [2008] |
| 300 ## - DESCRIPCIÓN FÍSICA | |
| Extensión | 70 p. : |
| Otras características físicas | il. ; |
| Dimensiones | 20 cm. |
| 500 ## - NOTA GENERAL | |
| Nota general | "Premio Nacional de Poesía Fundación Cultural Miguel Hernández 2005"--Verso de portada. |
| 700 1# - ENTRADA AGREGADA--NOMBRE PERSONAL | |
| Nombre de persona | Larrabide Achútegui, Aitor Luis. |
| 9 (RLIN) | 70291 |
| 700 1# - ENTRADA AGREGADA--NOMBRE PERSONAL | |
| Nombre de persona | Sánchez Moreno, Iván. |
| 9 (RLIN) | 152742 |
| 852 ## - LOCALIZACIÓN | |
| Ubicación | ES-MaACL |
| Número de control de estantería | A-12634 |
| itemnumber | 188845 |
| Sublocalización o colección | R.148872 |
| Ubicación en estantería | Depósito 1 |
| Signatura antigua | Olim: N-5635 |
| 942 ## - ELEMENTOS DE ENTRADA SECUNDARIOS (KOHA) | |
| Fuente del sistema de clasificación o colocación | Clasificación decimal universal |
| Tipo de ítem Koha | Libro impreso |
| Estatus retirado | Estado de pérdida | Fuente del sistema de clasificación o colocación | Estado de daño | No para préstamo | Biblioteca de origen | Biblioteca actual | Ubicación en estantería | Fecha de adquisición | Fuente de adquisición | Total de préstamos | Signatura topográfica completa | Código de barras | Visto por última vez | Precio de reemplazo | Tipo de ítem Koha |
|---|---|---|---|---|---|---|---|---|---|---|---|---|---|---|---|
| Clasificación decimal universal | Biblioteca del Ateneo de Madrid | Biblioteca del Ateneo de Madrid | Depósito 1 | 08/05/2013 | Donación | A-12634 | 1191197 | 23/02/2023 | 23/02/2023 | Libro impreso |
